[Event "CRO-ch 2019"]
[Site "Bjelovar"]
[Date "2019.04.07"]
[Round "7.2"]
[White "Jovanovic, Zoran"]
[Black "Kovacevic, Blazimir"]
[Result "1/2-1/2"]
[WhiteElo "2511"]
[BlackElo "2475"]
[Annotator "ChessBase"]
[PlyCount "31"]
[EventDate "2019.04.01"]
[EventType "tourn"]
[EventCountry "CRO"]
[SourceTitle "playchess.com"]
[Source "ChessBase"]
[SourceQuality "1"]
[TimeControl "40/5400+30:1800+30"]

1. e4 {[%emt 0:03:30]} c6 {[%emt 0:00:30]} 2. Nc3 {[%emt 0:01:30]} d5 {[%emt 0:00:00]} 3. Nf3 {[%emt 0:00:00]} g6 {[%emt 0:00:00]} 4. d4 {[%emt 0:01:00]} Bg7 {[%emt 0:00:30]} 5. Bf4 {[%emt 0:02:30]} dxe4 {[%emt 0:00:30]} 6. Nxe4 {[%emt 0:01:30]} Nf6 {[%emt 0:00:30]} 7. Bd3 {[%emt 0:12:30]} O-O {[%emt 0:06:30]} 8. c3 {[%emt 0:05:30]} Nxe4 {[%emt 0:16:30]} 9. Bxe4 {[%emt 0:00:30]} Nd7 {[%emt 0:00:00]} 10. O-O {[%emt 0:15:30]} c5 {[%emt 0:11:00]} 11. d5 {[%emt 0:03:30]} Nf6 {[%emt 0:07:30]} 12. Re1 {[%emt 0:02:30]} b6 {[%emt 0:04:30]} 13. Ne5 {[%emt 0:09:30]} Nxe4 {[%emt 0:05:30]} 14. Rxe4 {[%emt 0:00:30]} e6 {[%emt 0:03:30]} 15. dxe6 {[%emt 0:08:30]} Qxd1+ {[%emt 0:04:30]} 16. Rxd1 {[%emt 0:00:30]} 1/2-1/2

[Event "CRO-ch 2019"]
[Site "Bjelovar"]
[Date "2019.04.07"]
[Round "7.3"]
[White "Kozul, Zdenko"]
[Black "Saric, Ante"]
[Result "1-0"]
[WhiteElo "2589"]
[BlackElo "2530"]
[Annotator "TA"]
[PlyCount "85"]
[EventDate "2019.04.01"]
[EventType "tourn"]
[EventCountry "CRO"]
[SourceTitle "playchess.com"]
[Source "ChessBase"]
[SourceQuality "1"]

{[%evp 11,85,8,12,-1,0,-42,0,-12,0,0,0,-7,0,0,0,0,0,0,0,0,0,0,46,38,22,-66,-71,-74,62,53,79,61,90,69,120,23,26,-260,-304,-288,-287,-345,-182,-243,-230,-452,-440,-378,-255,-247,-243,-222,-160,-485,-499,-489,-8,-8,814,810,719,385,2839,2196,1410,1345,29989,29990,29990,29990,29992,29993,29994,29994,29997,29998]} 1. d4 Nf6 2. c4 e6 3. g3 Bb4+ 4. Bd2 Be7 5. Bg2 d5 6. Nf3 c6 7. a4 {E11: Bogo-Indian} (7. Bc3 dxc4 8. Ne5 O-O 9. Nxc4 b6 10. O-O Bb7 11. b4 Nbd7 12. Qb3 Qc7 13. Bd2 c5 14. Bf4 Qc8 15. Nd6 Bxd6 16. Bxb7 Qxb7 17. Bxd6 c4 18. Qxc4 Rfc8 19. Qb3 Qc6 20. Bf4 Qc4 21. Qxc4 {½-½ (21) Vidit,S (2701)-Nguyen,N (2641) Makati 2018}) 7... a5 $146 ({Predecessor:} 7... O-O 8. a5 Na6 9. O-O c5 10. cxd5 exd5 11. Nc3 Ne4 12. Be1 Bf6 13. dxc5 Nxc3 14. Bxc3 Bxc3 15. bxc3 Nxc5 {1-0 (44) Gleizerov,E (2509)-Pogorelov,R (2358) Seville 2018}) 8. Bc3 b6 9. Nbd2 {The position is equal.} Bb7 10. O-O O-O 11. Ne5 Na6 12. e4 Nb4 13. Re1 Rc8 14. Nb3 Nxe4 15. Bxe4 dxe4 16. c5 $1 Ba6 17. Bxb4 axb4 18. cxb6 (18. Rxe4 $11 Qd5 19. Re3) 18... f6 $15 19. Ng4 Qxb6 (19... f5 $17 20. Ne5 Qd5) 20. Rxe4 $14 e5 21. Ne3 $1 (21. dxe5 $2 f5 $19) 21... g6 22. Qc2 exd4 ({Black should try} 22... Rcd8 $14) 23. Nc4 ({But not} 23. Rxd4 $6 c5 $11) (23. Rxe7 $16 dxe3 24. Qc5 (24. fxe3 c5 $14) 24... Qxc5 25. Nxc5 exf2+ 26. Kxf2) 23... Qa7 $11 24. Nxd4 $2 {[%mdl 8192]} (24. Rxd4 $11 c5 25. Re4) 24... f5 $19 25. Rxe7 Qxe7 26. Nb6 Rc7 (26... Rce8 $142 $1 {Threatens to win with ...Qd6.} 27. Nxc6 Qe6) 27. Rc1 (27. Nb3 $142) 27... Qf7 28. Qc5 $2 (28. Nb3) 28... f4 29. g4 f3 {...Re8 is the strong threat.} 30. h3 {[#]} Re8 $1 31. Qd6 {and if Nd5! works, White does fine.} Rce7 {White must now prevent ...Qf8.} 32. Kh2 $2 (32. Nxc6 $17 {nothing else works.} Re6 33. Qxb4) 32... Re5 33. Kg3 {Strongly threatening Nd7.} c5 $2 (33... h5 $19 {( -> ...h4+!)} 34. gxh5 Rg5+ 35. Kh2 Ree5 36. Qd8+ Kg7) 34. Nd7 $11 {[#]} Re1 $2 {[%mdl 8192]} (34... g5 $1 $11 {[%mdl 512]} 35. Nf6+ Kh8) 35. Nf6+ $18 Kh8 36. Nxe8 Rxc1 $2 (36... Rxe8 37. Rxc5 (37. Qxa6 Qc7+ 38. Kxf3 Rf8+ 39. Kg2 Qf4 $18) 37... Qf8 38. Qxf8+ Rxf8) 37. Qe5+ Kg8 38. Nf6+ Kh8 39. Ne6 {White mates.} Rg1+ 40. Kh4 g5+ 41. Nxg5 {[%mdl 64] Double Attack} Qf8 42. Nd7+ {[%mdl 64] Double Attack} Qg7 43. Nf7+ {Accuracy: White = 38%, Black = 35%.} 1-0

[Event "CRO-ch 2019"]
[Site "Bjelovar"]
[Date "2019.04.07"]
[Round "7.4"]
[White "Jovanic, Ognjen"]
[Black "Brkic, Ante"]
[Result "1/2-1/2"]
[WhiteElo "2515"]
[BlackElo "2560"]
[Annotator "TA"]
[PlyCount "42"]
[EventDate "2019.04.01"]
[EventType "tourn"]
[EventCountry "CRO"]
[SourceTitle "playchess.com"]
[Source "ChessBase"]
[SourceQuality "1"]

{[%evp 9,42,23,62,58,43,57,64,41,43,35,37,8,6,14,6,-1,-4,-9,7,5,9,0,0,0,0,0,0,0,0,0,0,0,0,0,0]} 1. d4 Nf6 2. c4 c5 3. d5 b5 4. cxb5 a6 5. bxa6 g6 6. Nc3 {A58: Benko/Volga Gambit: Lines with 5 bxa6} Bg7 7. e4 O-O 8. Nf3 {White is slightly better.} (8. e5 Ne8 9. h4 Bxe5 10. Bh6 Bxa6 11. h5 Ng7 12. Nf3 Bxc3+ 13. bxc3 Bxf1 14. Kxf1 {1-0 (22) So,W (2780)-Duda,J (2737) chess.com INT 2018}) 8... Qa5 {Black wants to play ...Nxe4.} 9. Bd2 Bxa6 10. Bxa6 (10. Be2 {is more complex.} Bxe2 11. Qxe2 Qa6 12. a4 Qxe2+ 13. Kxe2 Na6 14. Rhb1) 10... Qxa6 {The position is equal.} 11. Qe2 e6 12. Qxa6 Nxa6 {[%cal Bb8a6,Ba6b4,Bb4d3,Bd3b2][%mdl 32]} 13. dxe6 fxe6 {[#]} 14. O-O $146 Nb4 15. a4 Nd3 16. b3 d5 17. exd5 Nxd5 18. Rad1 Nb2 (18... Bxc3 19. Bxc3 N5f4 20. Rd2 $16) 19. Rc1 Nd3 20. Rcd1 Nb2 ({Of course not} 20... Bxc3 21. Bxc3 N5f4 22. Rd2 $14) 21. Rc1 Nd3 {Accuracy: White = 55%, Black = 100%.} 1/2-1/2

[Event "CRO-ch 2019"]
[Site "Bjelovar"]
[Date "2019.04.07"]
[Round "7.5"]
[White "Stevic, Hrvoje"]
[Black "Kurajica, Bojan"]
[Result "1-0"]
[WhiteElo "2586"]
[BlackElo "2522"]
[Annotator "ChessBase"]
[PlyCount "83"]
[EventDate "2019.04.01"]
[EventType "tourn"]
[EventCountry "CRO"]
[SourceTitle "playchess.com"]
[Source "ChessBase"]
[SourceQuality "1"]
[TimeControl "40/5400+30:1800+30"]

1. e4 {[%emt 0:00:30]} c5 {[%emt 0:01:30]} 2. Nf3 {[%emt 0:00:00]} e6 {[%emt 0:00:30]} 3. c3 {[%emt 0:00:00]} Nf6 {[%emt 0:01:30]} 4. e5 {[%emt 0:00:30]} Nd5 {[%emt 0:00:00]} 5. Bc4 {[%emt 0:00:00]} Nb6 {[%emt 0:02:00]} 6. Bb3 {[%emt 0:00:00]} c4 {[%emt 0:00:30]} 7. Bc2 {[%emt 0:00:30]} d6 {[%emt 0:00:30]} 8. exd6 {[%emt 0:15:30]} Bxd6 {[%emt 0:04:30]} 9. O-O {[%emt 0:00:00]} Nc6 {[%emt 0:01:30]} 10. d3 {[%emt 0:03:00]} cxd3 {[%emt 0:05:30]} 11. Qxd3 {[%emt 0:00:30]} Ne5 {[%emt 0:01:30]} 12. Nxe5 {[%emt 0:03:30]} Bxe5 {[%emt 0:00:30]} 13. Qh3 {[%emt 0:01:30]} Qc7 {[%emt 0:09:30]} 14. Nd2 {[%emt 0:01:30]} Bd7 {[%emt 0:03:30]} 15. Nf3 {[%emt 0:00:30]} Bf6 {[%emt 0:01:30]} 16. Ng5 {[%emt 0:14:30]} h6 {[%emt 0:04:30]} 17. Ne4 {[%emt 0:04:30]} Be7 {[%emt 0:00:00]} 18. Qg4 {[%emt 0:16:30]} g6 {[%emt 0:06:00]} 19. Qf4 {[%emt 0:09:30]} e5 {[%emt 0:21:30]} 20. Nf6+ {[%emt 0:00:30]} Kd8 {[%emt 0:00:30]} 21. Qf3 {[%emt 0:00:00]} Bc6 {[%emt 0:00:30]} 22. Be4 {[%emt 0:15:36]} Bxe4 {[%emt 0:00:30]} 23. Rd1+ {[%emt 0:00:04]} Kc8 {[%emt 0:00:00]} 24. Nxe4 {[%emt 0:00:03]} f5 {[%emt 0:00:00]} 25. Nd2 {[%emt 0:04:44]} Rd8 {[%emt 0:06:30]} 26. Re1 {[%emt 0:00:32]} Nd7 {[%emt 0:08:30]} 27. Qg3 {[%emt 0:03:11]} Rg8 {[%emt 0:07:56]} 28. Nf3 {[%emt 0:01:28]} g5 {[%emt 0:01:57]} 29. Nxe5 {[%emt 0:01:12]} Bd6 {[%emt 0:01:24]} 30. f4 {[%emt 0:00:09]} Bxe5 {[%emt 0:03:02]} 31. fxe5 {[%emt 0:00:02]} Re8 {[%emt 0:00:03]} 32. Qh3 {[%emt 0:01:42]} Rxe5 {[%emt 0:00:15]} 33. Be3 {[%emt 0:00:02]} Qc6 {[%emt 0:02:41]} 34. Bd4 {[%emt 0:03:10]} Rxe1+ {[%emt 0:00:15]} 35. Rxe1 {[%emt 0:00:01]} Qg6 {[%emt 0:00:05]} 36. Qd3 {[%emt 0:02:03]} Kc7 {[%emt 0:00:21]} 37. Re7 {[%emt 0:00:08]} Rd8 {[%emt 0:00:57]} 38. g4 {[%emt 0:00:17]} Qa6 {[%emt 0:02:28]} 39. Qxa6 {[%emt 0:00:44]} bxa6 {[%emt 0:00:03]} 40. gxf5 {[%emt 0:00:00]} Rf8 {[%emt 0:00:00]} 41. f6 {[%emt 0:01:22]} Kd6 {[%emt 0:01:03]} 42. Rh7 {[%emt 0:00:30]} 1-0

[Event "CRO-ch 2019"]
[Site "Bjelovar"]
[Date "2019.04.07"]
[Round "7.6"]
[White "Saric, Ivan"]
[Black "Zelcic, Robert"]
[Result "1-0"]
[WhiteElo "2691"]
[BlackElo "2520"]
[Annotator "TA"]
[PlyCount "97"]
[EventDate "2019.04.01"]
[EventType "tourn"]
[EventCountry "CRO"]
[SourceTitle "playchess.com"]
[Source "ChessBase"]
[SourceQuality "1"]

{[%evp 13,97,27,49,51,75,6,9,4,6,18,18,15,30,33,37,29,36,36,86,85,58,60,93,85,70,67,91,91,90,90,99,106,100,90,103,95,106,99,99,40,40,39,39,39,38,0,1,17,26,12,35,27,110,110,106,106,106,106,220,211,229,106,111,0,110,85,80,85,130,123,227,205,259,259,339,296,259,234,259,259,294,275,5139,5097,1906,1912]} 1. e4 c6 2. d4 d5 3. e5 Bf5 4. Nf3 e6 5. Be2 c5 6. Be3 Qb6 7. Nc3 Nc6 8. O-O {B12: Caro-Kann: Advance Variation} (8. Na4 Qa5+ 9. c3 cxd4 10. Nxd4 Nxd4 11. Bxd4 Ne7 12. O-O Nc6 13. b4 Qc7 14. Rc1 Be7 15. g4 Be4 {1-0 (28) Giri,A (2777)-Navara,D (2745) Shamkir 2018}) 8... Qxb2 9. Qe1 (9. Nb5 $16) 9... cxd4 $11 10. Bxd4 {The position is equal.} Nxd4 ({Not} 10... Qxc2 $2 11. Rc1 $18) (10... Bxc2 11. Nb5 $16) 11. Nxd4 {And now Rb1 would win.} Bb4 12. Rb1 Qxc3 13. Rxb4 Qxe1 $1 14. Rxe1 b6 $1 15. h4 {g4 is the strong threat.} h5 $146 ({Predecessor:} 15... h6) 16. Nxf5 exf5 17. Bb5+ Kf8 18. Rd1 Ne7 19. c4 $1 {[%cal Rc4d5]} d4 20. Rxd4 Rh6 21. Ra4 $1 {[%cal Ra4a7] Hoping for Rxa7!} Nc6 22. Rd5 Re6 23. f4 g6 24. c5 bxc5 25. Rxc5 Nd8 {[#]} 26. Bc4 (26. Rc7 $1 $16) 26... Re7 $1 $14 27. Bd5 Rb8 28. Rca5 Rb1+ 29. Kf2 Rd7 30. Bf3 $36 {[%mdl 2048] White is more active.} Ne6 31. Kg3 Rd3 32. Rd5 Rxd5 (32... Rbd1 $1 $11 33. Rb5 Nd4 34. Rxd4 Rxd4) 33. Bxd5 $11 {[%mdl 4096] Endgame KRB-KRN} Nc7 34. Bb3 a6 35. Rc4 Nb5 (35... Ne6 $16) 36. Rc8+ $18 Ke7 {[#]} 37. Ra8 (37. Bd5 $1 $18 {is the precise move to win.}) 37... Nc7 $16 38. Rc8 (38. Ra7 $16 Rc1 39. Kf3) 38... Rc1 (38... Nb5 $1 $11 {keeps the balance.}) 39. Kf2 Rc5 40. Ke2 Rc6 41. Kd3 Rc5 (41... f6 $16) 42. g3 Rc6 43. Bc4 Rc5 44. a4 Rc6 45. Kd4 a5 {intending ...Nb5+!} 46. Kd3 Rc5 47. Rb8 f6 $2 (47... Rc6 48. Rb7 f6) 48. exf6+ $18 Kxf6 49. Rb6+ {Accuracy: White = 68%, Black = 56%.} 1-0

[Event "CRO-ch 2019"]
[Site "Bjelovar"]
[Date "2019.04.08"]
[Round "8.1"]
[White "Bosiocic, Marin"]
[Black "Zelcic, Robert"]
[Result "1-0"]
[WhiteElo "2613"]
[BlackElo "2520"]
[Annotator "TA"]
[PlyCount "65"]
[EventDate "2019.04.01"]
[EventType "tourn"]
[EventCountry "CRO"]
[SourceTitle "playchess.com"]
[Source "ChessBase"]
[SourceQuality "1"]

{[%evp 9,65,10,3,1,20,0,27,12,29,20,36,27,28,34,28,36,40,34,20,25,123,97,96,99,146,91,106,119,133,130,121,122,111,119,129,120,125,107,113,14,180,179,170,157,172,178,166,164,1110,1069,1649,1628,1561,1537,29982,29981,29980,29981]} 1. e4 c6 2. d4 d5 3. e5 c5 4. dxc5 e6 5. a3 $146 (5. Nf3 Bxc5 6. a3 Ne7 7. Bd3 Ng6 8. O-O O-O 9. Nbd2 Nc6 10. b4 Bb6 11. Bxg6 fxg6 12. Nb3 Bd7 13. Re1 {1-0 (29) Anand,V (2773)-Mamedyarov,S (2817) Wijk aan Zee 2019}) 5... Bxc5 6. b4 {B12: Caro-Kann: Advance Variation} Bb6 7. Bb2 Ne7 8. Nf3 {White has an edge.} a5 9. Nbd2 axb4 10. axb4 Rxa1 11. Qxa1 O-O 12. Bd3 Na6 13. Qa3 Ng6 14. h4 Nc7 (14... Nf4 $11 {keeps the balance.}) 15. h5 $16 Nf4 16. Bf1 {aiming for g3.} d4 17. g3 (17. Rh4 $142 Nfd5 18. h6 (18. Bxd4 Bxd4 19. Rxd4 Qe7 $16)) 17... Nfd5 18. h6 {Hoping for hxg7.} g6 19. Bxd4 Bxd4 20. Nxd4 Qe7 21. c3 f6 22. Be2 fxe5 23. N4f3 b5 24. Ne4 (24. Rh4 $16) 24... Nf6 $2 {[#]} (24... Bb7 $11) 25. Nxf6+ $1 $18 Qxf6 26. Qa7 $36 {[%mdl 2048] Keeping Black busy.} Nd5 {[#]} 27. Ng5 $1 {[%csl Gg5][%cal Ra7h7][%mdl 512]} Bb7 (27... Qxg5 28. Qg7#) 28. Nxe6 (28. Qxb7 Qxf2+ 29. Kd2 Qe3+ 30. Kc2 Qxe2+ 31. Kc1 Qe3+ 32. Kb1 Qd3+ 33. Kc1 Qxc3+ {[%mdl 64] Double Attack} 34. Kb1 Qxb4+ 35. Ka1 Qa3+ {[%mdl 64] Double Attack} 36. Kb1 Nc3+ 37. Kc2 Rf2+ 38. Kd3 Nd5+ 39. Ke4 Qe3#) 28... e4 $2 (28... Qxe6 29. Qxb7 Qf7 30. Qxf7+ Kxf7) 29. Nxf8 (29. Qxb7 {leads to mate.} Qxf2+ 30. Kd2 Qe3+ 31. Kc2 Qxe2+ 32. Kc1 Qe3+ 33. Kb1 Qd3+ 34. Kc1 Qxc3+ {[%mdl 64] Double Attack} 35. Kb1 Qxb4+ 36. Kc1 Qa3+ {[%mdl 64] Double Attack} 37. Kd1 Nc3+ 38. Kd2 Qb2+ 39. Ke3 Qf2#) 29... Qxc3+ 30. Kf1 Qc7 31. Ne6 Qe7 32. Qb8+ Kf7 33. Nd8+ {[%mdl 64] Double Attack. Accuracy: White = 78%, Black = 50%.} 1-0

[Event "CRO-ch 2019"]
[Site "Bjelovar"]
[Date "2019.04.08"]
[Round "8.2"]
[White "Kurajica, Bojan"]
[Black "Saric, Ivan"]
[Result "0-1"]
[WhiteElo "2522"]
[BlackElo "2691"]
[Annotator "TA"]
[PlyCount "140"]
[EventDate "2019.04.01"]
[EventType "tourn"]
[EventCountry "CRO"]
[SourceTitle "playchess.com"]
[Source "ChessBase"]
[SourceQuality "1"]

{[%evp 15,140,0,0,-4,0,0,0,-7,0,0,8,-23,-20,-7,90,0,0,0,3,0,0,0,0,0,0,0,0,0,0,0,0,0,0,0,0,0,0,0,13,0,9,-16,-16,-33,-22,-25,-10,-27,-33,-28,-26,-27,-37,-28,-28,-23,-26,-26,-26,-32,-25,-30,0,-16,0,-30,-21,-21,-35,-29,-21,-35,-25,-50,-61,-89,-79,-87,-80,-87,-95,-110,-101,-337,-327,-321,-314,-298,-259,-283,-297,-296,-296,-257,-167,-280,-288,-229,-273,-272,-265,-579,-552,-524,-435,-1750,-1663,-1925,-1668,-1552,-613,-568,-20,-25,-29,-29,-31,-31,-36,-58,-36,-29957,-29957,-29970,-29969,-29960,-29958]} 1. d4 d5 2. c4 c6 3. Qc2 Nf6 4. Nf3 g6 5. e3 Bg7 6. Bd3 O-O {D11: Slav Defence: 3 Nf3 sidelines and 3...Nf6 4 e3 Bg4} 7. O-O Na6 (7... c5 8. cxd5 cxd4 9. e4 e6 10. Bg5 h6 11. Bxf6 Qxf6 12. Nbd2 exd5 13. exd5 Na6 14. Rac1 {0-1 (50) Fish,G (2457)-Tischbierek,R (2432) Germany 2018}) 8. a3 c5 {LiveBook: 4 Games. The position is equal.} 9. b3 b6 10. Bb2 Bb7 11. cxd5 $146 ({Predecessor:} 11. Qe2 cxd4 12. exd4 Nc7 13. Nbd2 Ne6 14. g3 a6 {1-0 (30) Riera,J (2243)-Briones Carril,F (2086) Quilpue 2018}) 11... cxd4 12. Bxd4 Rc8 13. Qb2 Nc5 14. Bc4 {Threatening Nc3.} b5 (14... Bxd5 $11 {keeps the balance.} 15. Nbd2 Bxc4 16. Nxc4 Qc7) 15. Be2 (15. Bxb5 $16 {Black must now prevent Nc3.} Qxd5 16. Nbd2) 15... Qxd5 $11 16. Nbd2 Qf5 17. Rac1 Nd3 18. Bxd3 $1 Qxd3 19. Bxa7 Ne4 20. Qb1 Qxb1 21. Nxb1 Bb2 22. Rxc8 Rxc8 ({But not} 22... Bxc8 $6 23. Bd4 $16) 23. Bd4 Rc2 24. Ne1 Re2 25. Nd3 Bxd4 26. exd4 Nd6 27. Rd1 Be4 {Hoping for ...Bxd3.} 28. Kf1 Ra2 29. Nc5 {Strongly threatening Nc3.} Bc2 30. Rc1 Bf5 31. Re1 Bxb1 32. Rxb1 Rxa3 {[%mdl 4096] Endgame KRN-KRN} 33. Rb2 Ra1+ 34. Ke2 Nf5 35. Rd2 Rc1 36. Ne4 h5 37. d5 Rb1 38. Nc5 h4 39. h3 Kg7 40. Kf3 Kf6 41. Nd7+ Kg5 42. Nc5 Nd6 43. Re2 Rc1 44. Ne4+ Kf5 45. Nxd6+ exd6 $15 {KR-KR} 46. Re7 Rc3+ 47. Ke2 Rxb3 48. Rxf7+ Ke4 49. f3+ $2 (49. Rf6 $17 {was necessary.}) 49... Kxd5 $19 50. Rf4 Rb2+ 51. Kd3 Rxg2 52. Rxh4 Kc5 53. Rh8 Rg3 54. Ke3 Rg5 55. Rc8+ (55. h4 {was the only chance.} Re5+ 56. Kd2) 55... Kb4 $1 56. h4 Re5+ 57. Kd3 Rd5+ 58. Ke3 $2 (58. Ke4 Rh5 59. Ke3) 58... Ka3 59. Ra8+ Kb2 60. Rg8 (60. Rb8 $142 Kc3 61. Rc8+ Rc5 62. Rg8) 60... b4 {[%cal Bb5b4,Bb4b3][%mdl 32]} 61. Rxg6 b3 62. Rg5 Rd1 (62... Re5+ $142 63. Kf2 Kc2) 63. Rg8 {[#]} Kb1 $2 (63... Re1+ $1 $19 64. Kd4 Kb1) 64. h5 $1 $11 b2 {Threatens to win with ...Rh1.} 65. h6 $1 {[%cal Rh6h7]} Rh1 66. Rh8 Re1+ 67. Kd2 $1 {[%cal Rd2e1]} Re7 {aiming for ...Ra7.} 68. Rd8 $2 {[%mdl 8192] [#]} (68. Rg8 $15) 68... Rb7 $1 {Black mates.} 69. h7 Rxh7 70. Rxd6 Ra7 {Precision: White = 52%, Black = 60%.} 0-1

[Event "CRO-ch 2019"]
[Site "Bjelovar"]
[Date "2019.04.08"]
[Round "8.3"]
[White "Brkic, Ante"]
[Black "Stevic, Hrvoje"]
[Result "1/2-1/2"]
[WhiteElo "2560"]
[BlackElo "2586"]
[Annotator "TA"]
[PlyCount "51"]
[EventDate "2019.04.01"]
[EventType "tourn"]
[EventCountry "CRO"]
[SourceTitle "playchess.com"]
[Source "ChessBase"]
[SourceQuality "1"]

{[%evp 37,51,21,20,21,21,20,12,12,12,16,21,4,4,4,4,5]} 1. e4 e5 2. Nf3 Nc6 3. Bb5 {[%cal Bf1b5,Bb5a4,Ba4b3][%mdl 32]} a6 4. Ba4 Nf6 5. O-O Be7 6. Re1 b5 7. Bb3 O-O 8. c3 d5 9. exd5 Nxd5 10. Nxe5 Nxe5 11. Rxe5 c6 12. d4 Bd6 13. Re1 Qh4 14. g3 Qh3 15. Qe2 {C89: Closed Ruy Lopez: Marshall Attack} (15. Be3 Bg4 16. Qd3 f5 17. f4 Rae8 18. Nd2 g5 19. Qf1 Qh5 20. Qg2 gxf4 21. Bxd5+ cxd5 22. Qxd5+ Kg7 23. Bxf4 Bxf4 24. gxf4 Kh8 25. Nf1 Bf3 26. Ng3 Qg4 27. Rxe8 Bxd5 28. Rxf8+ Kg7 29. Rxf5 Qf3 30. Rg5+ Kf8 31. Rf5+ Kg8 32. Rg5+ Kf8 33. Rf5+ {½-½ (33) Ivanchuk,V (2757)-Carlsen,M (2851) Leuven 2017}) 15... Bg4 16. Qf1 Qh5 17. Nd2 Rae8 18. f3 Rxe1 19. Qxe1 Bxf3 {LiveBook: 8 Games. The position is equal.} 20. Nxf3 Qxf3 21. Bd2 Qg4 22. Qd1 Qd7 23. Qf3 Re8 24. Re1 Rxe1+ 25. Bxe1 Bf8 {[#]} 26. Bd2 $146 ({Predecessor:} 26. a4 g6 27. Bd2 {½-½ (27) Areshchenko,A (2691)-Efimenko,Z (2689) Kiev 2012}) 1/2-1/2

[Event "CRO-ch 2019"]
[Site "Bjelovar"]
[Date "2019.04.08"]
[Round "8.4"]
[White "Saric, Ante"]
[Black "Jovanic, Ognjen"]
[Result "1/2-1/2"]
[WhiteElo "2530"]
[BlackElo "2515"]
[Annotator "TA"]
[PlyCount "45"]
[EventDate "2019.04.01"]
[EventType "tourn"]
[EventCountry "CRO"]
[SourceTitle "playchess.com"]
[Source "ChessBase"]
[SourceQuality "1"]

{[%evp 14,45,27,19,25,14,16,16,16,16,16,14,18,8,8,8,10,16,17,8,16,0,0,7,7,1,10,0,10,0,0,0,0,0]} 1. d4 Nf6 2. c4 e6 3. Nc3 d5 4. cxd5 Nxd5 5. Nf3 c5 6. g3 cxd4 7. Nxd5 Qxd5 8. Qxd4 Qb5 {D41: Queen's Gambit Declined: Semi-Tarrasch with 5 cxd5} 9. e4 (9. a3 Nc6 10. Qc3 a5 11. e4 Qc5 12. Bd2 Qxc3 13. Bxc3 f6 14. e5 Bc5 15. Bc4 Ke7 16. O-O {1-0 (45) Ivanchuk,V (2729)-Wei,Y (2739) Medias 2017}) 9... Qb4+ {The position is equal.} 10. Bd2 Nc6 11. Qxb4 Bxb4 12. Bb5 {[#] Hoping for Bxb4.} Bd7 13. Bxc6 Bxd2+ 14. Kxd2 Bxc6 15. Ke3 Ke7 16. Rhc1 Rac8 {[#]} 17. Nd4 $146 Bd7 18. f4 f6 19. e5 a5 20. a3 b6 21. b4 axb4 22. axb4 Rxc1 23. Rxc1 {Accuracy: White = 39%, Black = 61%.} 1/2-1/2

[Event "CRO-ch 2019"]
[Site "Bjelovar"]
[Date "2019.04.08"]
[Round "8.5"]
[White "Kovacevic, Blazimir"]
[Black "Kozul, Zdenko"]
[Result "0-1"]
[WhiteElo "2475"]
[BlackElo "2589"]
[Annotator "TA"]
[PlyCount "94"]
[EventDate "2019.04.01"]
[EventType "tourn"]
[EventCountry "CRO"]
[SourceTitle "playchess.com"]
[Source "ChessBase"]
[SourceQuality "1"]

{[%evp 17,94,3,15,5,4,0,-11,-13,-11,-24,-7,-13,0,0,29,12,14,-35,-32,-29,-20,-117,-122,-117,-87,-93,-106,-87,-94,-164,-142,-143,-150,-239,-189,-239,-239,-239,-239,-239,-239,-239,-239,-239,-239,-239,-239,-239,-239,-239,-239,-239,-239,-239,-239,-247,-247,-248,-239,-276,-276,-279,-283,-283,-268,-328,-253,-330,-330,-556,-512,-473,-516,-904,-914,-876,-841,-1488,-1442]} 1. Nf3 Nf6 2. c4 g6 3. b3 Bg7 4. Bb2 O-O 5. g3 d6 6. Bg2 e5 7. O-O c5 8. Nc3 Nc6 9. d3 Rb8 10. Ne1 {A38: Symmetrical English vs ...g6: 4 Bg2 Bg7 5 Nf3 Nf6} (10. Nd2 a6 11. a3 Bg4 12. h3 Bd7 13. b4 cxb4 14. axb4 Nxb4 15. Ba3 a5 16. Rb1 b5 17. Nxb5 d5 {½-½ (30) Artemiev,V (2691)-Grischuk,A (2772) Huaian 2017}) 10... h5 11. Nc2 $146 ({Predecessor:} 11. h3 Be6 12. e3 d5 13. cxd5 Nxd5 14. Ne4 b6 15. h4 Qd7 16. Ng5 Bg4 17. Qd2 Rbd8 {1-0 (49) Van Delft,M (2347)-Zhigalko,A (2577) Hofheim 2017}) 11... h4 12. Ne3 {The position is equal.} Ne7 13. Qe1 Re8 14. Rb1 b6 15. Ne4 Nh7 16. gxh4 f5 $1 {[%cal Rf5e4]} 17. Ng5 f4 18. Nd5 Nf5 19. Be4 (19. Nxh7 $11 Kxh7 20. Kh1) 19... Nxg5 $17 20. hxg5 Qxg5+ 21. Kh1 Kf7 $1 {aiming for ...Rh8.} 22. Rg1 Qh6 {Strongly threatening ...Rh8.} 23. Bxf5 (23. Qf1 $17 {was necessary.}) 23... Bxf5 $19 24. f3 Rh8 {[%csl Gh8][%cal Rh6h2]} 25. Qf2 {[#]} (25. Rg2 $17 {was called for.}) 25... Rh7 $1 26. Bc3 Rbh8 {[%cal Rh6h2]} 27. Rg2 {[#]} Bh3 $1 {[%cal Rh3g2]} 28. Rbg1 Bxg2+ 29. Rxg2 Bf6 30. Be1 Bh4 31. Qxh4 Qxh4 32. Bxh4 Rxh4 {[%mdl 4096] Endgame KRR-KRN} 33. Nc3 R4h6 34. a4 Ke6 35. Kg1 Rg8 36. Kf1 g5 37. Ne4 Kf5 38. h3 Rxh3 39. Nxd6+ Ke6 40. Ne4 Rh1+ 41. Kf2 Rg7 42. a5 bxa5 43. Nxc5+ $2 (43. Rg1 Rxg1 44. Kxg1) 43... Kd6 {Black is clearly winning.} 44. Ne4+ Kc6 45. Rg4 (45. c5 $142 Rgh7 46. Nxg5) 45... Rgh7 46. Rg2 Rb1 47. Nxg5 Rhh1 {Accuracy: White = 44%, Black = 83%.} 0-1